00566pab a2200181 454500008004000000100002000040245009800060260000900158300001400167362001200181650003700193650002700230650002600257650002600283650001800309700001800327773003900345180718b2008 xxu||||| |||| 00| 0 eng d aNanda, Paramjit aImpact of globalization on the labour market in India: evidence from the manufacturing sector c2008 ap.545-57. aOct-Dec aIndia - Manufacturing industries aManufacturing industry aGlobalization - India aLabour market - India aLabour market aKaur, Veerpal aIndian Journal of Labour Economics